| 000 | 00420nam a2200193Ia 4500 | ||
|---|---|---|---|
| 001 | 11563 | ||
| 003 | GE_BSU | ||
| 008 | 181216s||||||||xx |||||||||||||| ||und|| | ||
| 040 | _cGE_BSU | ||
| 100 | _aLodge,David | ||
| 245 | _aParadise News | ||
| 245 | 2 | _bA Novel | |
| 260 | _aLondon | ||
| 260 | _bQuality Paperbacks Direct | ||
| 260 | _c1991 | ||
| 300 | _a294p;24cm. | ||
| 653 | _aParadise News:A Novel | ||
| 942 | _cBK | ||
| 999 |
_c44758 _d44758 |
||